000 00694nam a22002297a 4500
999 _c9992
_d9992
003 AR-CdUCM
008 190329b ||||| |||| 00| 0 spa d
040 _aMUNICIPALIDAD PROVINCIAL DEL CUSCO
_cBIBLIOTECA MUNICIPAL DEL CUSCO
041 _hfre
082 _a848.9 /
_bSO72B / 1926
100 _aSuopault, Philippe
_926573
245 _aEl bar del amor /
260 _aBuenos Aires :
_bSopena,
_c1926.
300 _a166 páginas ;
_c18 cm.
505 _aContenido: A la deriva -- El bar del amor.
650 _aNovelas francesas
_9571
650 _aSiglo XIX
_9971
650 _aLiteratura
_983
700 _aStarico, Leonidas (traducción)
_926574
942 _2ddc
_cLIBROS
945 _aachl